Electronics Manufacturing : with Lead-Free, Halogen-Free, and Conductive-Adhesive Materials /
Book Description
Na minha lista:
| Autor principal: | |
|---|---|
| Outros Autores: | , |
| Formato: | Livro |
| Idioma: | Vietnamese |
| Publicado em: |
American :
MC Graw Hill ,
2002
|
| Edição: | In lần thứ 1 |
| Assuntos: | |
| Tags: |
Adicionar Tag
Sem tags, seja o primeiro a adicionar uma tag!
|
| Thư viện lưu trữ: | Thư viện Trường CĐ Kỹ Thuật Cao Thắng |
|---|
| LEADER | 01108nam a2200277 a 4500 | ||
|---|---|---|---|
| 001 | TVCDKTCT10097 | ||
| 003 | Thư viện trường Cao đẳng Kỹ thuật Cao Thắng | ||
| 005 | 20080808000000 | ||
| 008 | 080808 | ||
| 980 | \ | \ | |a Thư viện Trường CĐ Kỹ Thuật Cao Thắng |
| 024 | |a RG_1 #1 eb0 i1 | ||
| 020 | # | # | |a 0071386246 |
| 041 | 0 | # | |a vie |
| 082 | # | # | |a 621.381 / |b EL200C-j |
| 100 | 1 | # | |a H. Lau John |
| 245 | 0 | 0 | |a Electronics Manufacturing : with Lead-Free, Halogen-Free, and Conductive-Adhesive Materials / |c H. Lau John, C.P Wong, Cheng Lee Ning |
| 250 | # | # | |a In lần thứ 1 |
| 260 | # | # | |a American : |b MC Graw Hill , |c 2002 |
| 300 | # | # | |a 700tr. ; |c 23 cm |
| 520 | # | # | |a Book Description |
| 520 | # | # | |a * An engineer's guidebook demonstrating non-toxic electronics manufacturing processes |
| 520 | # | # | |a * Covers manufacture of printed circuits, integrated circuits, printed circuit boards assemblies, electronic packages, and more |
| 650 | # | 4 | |a Electronic--Chips--Circuit boards--Componets |
| 650 | # | 4 | |a Electronics Manufacturing |
| 700 | 0 | # | |a C.P Wong |
| 700 | 0 | # | |a Cheng Lee Ning |


